00439nam a2200145Ia 4500008004100000100003500041245003600076245003500112260004000147260000900187300003300196440003200229650001500261650001700276180910s9999 xx 000 0 und d aAmerican Journal of Education. aAmerican Journal of Education / cAmerican Journal of Education. bThe Penn State College of Education c2018 apages 161-256, February 2018 aJournal of Educationv124:2 aEducation. aPeriodicals.